Tạp chí khoa học = Journal of science Quyển 1
Trong số này trình bày Ảnh hưởng của nợ công và lạm phát lên tăng trưởng kinh tế Việt Nam: nghiên cứu định lượng bằng mô hình ARDL; Kiểm định hiệu ứng lây lan rủi ro trên thị trường xăng dầu bằng mô hình MGARCH và COUPULA; Các yếu tố ản...
Spremljeno u:
| Format: | Knjiga |
|---|---|
| Jezik: | Vietnamese |
| Izdano: |
An Giang
Trường Đại học An Giang
2015
|
| Teme: | |
| Oznake: |
Dodaj oznaku
Bez oznaka, Budi prvi tko označuje ovaj zapis!
|
| Thư viện lưu trữ: | Thư viện Trường Đại học Nam Cần Thơ |
|---|
| LEADER | 01222nam a22002057a 4500 | ||
|---|---|---|---|
| 001 | NCT_125631 | ||
| 008 | 220513b xxu||||| |||| 00| 0 vie d | ||
| 999 | |c 6435 |d 6435 | ||
| 022 | |a 0866-8086 | ||
| 041 | |a vie | ||
| 082 | 0 | 4 | |2 23rd ed. |a 378 |b T109C |
| 245 | 0 | 0 | |a Tạp chí khoa học = |b Journal of science |n Quyển 1 |c Trường Đại học An Giang |
| 260 | |a An Giang |b Trường Đại học An Giang |c 2015 | ||
| 300 | |c 27cm | ||
| 362 | |a 12/2015 | ||
| 520 | 3 | |a Trong số này trình bày Ảnh hưởng của nợ công và lạm phát lên tăng trưởng kinh tế Việt Nam: nghiên cứu định lượng bằng mô hình ARDL; Kiểm định hiệu ứng lây lan rủi ro trên thị trường xăng dầu bằng mô hình MGARCH và COUPULA; Các yếu tố ảnh hưởng đến rủi ro tín dụng - bằng chứng thực nghiệm tại các ngân hàng Thương mại Việt Nam;... | |
| 655 | |a Tạp chí | ||
| 942 | |2 ddc |c CR | ||
| 952 | |0 0 |1 0 |2 ddc |4 0 |6 378_000000000000000_T109C |7 0 |9 24068 |a 000001 |b 000001 |d 2022-05-16 |o 378 T109C |r 2022-05-16 |w 2022-05-16 |y CR | ||
| 980 | |a Thư viện Trường Đại học Nam Cần Thơ | ||